000 00417nam a22001457a 4500
005 20250821142514.0
008 250821b |||||||| |||| 00| 0 eng d
020 _a9780979207129
050 _aBL 65
_b.S84 OTA
100 _aOTABIL, MENSA
245 _aPATHWAYS OF SUCCESS
_b21 Sure Steps on the Way to the Top
_cMENSA OTABIL
260 _aTEXAS
_bBLAZE PUBLISHING HOUSE
_cc2008
300 _a281p.;
942 _2lcc
_cBK
_n0
999 _c7325
_d7325